000 00672nam a22002777a 4500
003 UA-OsUOA
001 21639
007 ta
008 20031212b un ||||| |||| 00| 0 ukr d
100 _aФіліпенко А.С.
700 _aРогач О.І.
700 _aШнирков О.І.
090 _a339(075)
_bС24
942 _cBK
040 _aUA-OsUOA
_bukr
_cUA-OsUOA
_dUA-OsUOA
245 _aСвітова економіка
_bПідручник
300 _a582 с.
955 _a0
041 _aukr
080 _a339(075)
020 _a966-06-0517-3
260 _aКиїв
_bЛибідь
_c2000
044 _aUA
650 7 _2UDC
999 _c307845
_d307845